Lavender lists : new lists about lesbian and gay culture, history, and personalities /
সংরক্ষণ করুন:
| প্রধান লেখক: | , |
|---|---|
| বিন্যাস: | গ্রন্থ |
| ভাষা: | ইংরেজি |
| প্রকাশিত: |
Boston :
Alyson,
1990
|
| ট্যাগগুলো: |
কোনো ট্যাগ নেই, প্রথমজন হিসাবে ট্যাগ করুন!
|
MARC
| LEADER | 00000nam a22000007i 4500 | ||
|---|---|---|---|
| 001 | IT\ICCU\UBO\3553441 | ||
| 003 | ItRI | ||
| 005 | 20260115231831.0 | ||
| 008 | 090114s1990 xxu|||||| ||||| |||||c | ||
| 020 | |a 1555831826 | ||
| 040 | |b ita |c importazione bologna sebina | ||
| 041 | 7 | |a eng |2 ISO-639-2 | |
| 100 | 1 | |a Fletcher, Lynne Yamaguchi |0 IT\ICCU\UBOV\300131 |4 aut | |
| 245 | 1 | 0 | |a Lavender lists : |b new lists about lesbian and gay culture, history, and personalities / |c by Lianne Yamaguchi Fletcher and Adrien Saks. |
| 260 | |a Boston : |b Alyson, |c 1990 | ||
| 300 | |a 238 p. :ill. ; |c 22 cm. | ||
| 700 | 1 | |a Saks, Adrien |0 IT\ICCU\UBOV\105565 |4 aut | |
| 942 | |2 ddc |c BK |n 0 | ||
| 952 | |0 0 |1 0 |4 0 |6 DOC_306_766000000000000_FLE |7 0 |9 13829 |a BO |b BO |d 2026-01-15 |i 2500 |l 0 |o DOC 306.766 FLE |p BO2500 |r 2026-01-15 23:18:31 |w 2026-01-15 |x [Sebina 5] [1 v.] |y BK |z 1 v. | ||
| 999 | |c 11901 |d 11901 | ||